Ailede iletişim : (Record no. 22386)

MARC details
000 -BAŞLIK
Sabit Uzunluktaki Kontrol Alanı 00689nam a22002057a 4500
003 - KONTROL NUMARASI KİMLİĞİ
Kontrol Alanı koha_MIRAKIL
005 - EN SON İŞLEM TARİHİ ve ZAMANI
Kontrol Alanı 20250529102858.0
008 - SABİT UZUNLUKTAKİ VERİ ÖGELERİ - GENEL BİLGİ
Sabit Alan 250529b tur||||| |||| 00| 0 tur d
020 ## - ISBN - ULUSLARARASI STANDART KİTAP NUMARASI
Isbn 9789752840591
040 ## - KATALOGLAMA KAYNAĞI
Özgün Kataloglama Kurumu TR-IsEVY
Kataloglama Dili tur
Çeviri Kurumu TR-IsEVY
082 ## - DEWEY ONU SINIFLAMA SİSTEMİ
Sınıflama Numarası PD 305 ÖND/A
100 ## - KİŞİ ADI
Yazar Adı (Kişi adı) Önder, Alev
245 #0 - ESER ADI BİLDİRİMİ
Başlık Ailede iletişim :
Alt Eseradı vb. konuşarak ve dinleyerek anlaşalım /
Sorumluluk Bildirimi Alev Önder.
250 ## - BASIM BİLDİRİMİ
Basım Bildirimi 2. bs.
260 ## - YAYIN, DAĞITIM, VB.
Yayın Yeri İstanbul :
Yayınevi Morpa Kültür Yayınları,
Yayın Tarihi 2004.
300 ## - FİZİKSEL TANIMLAMA
Sayfa, Cilt vb. 143 s. :
Diğer fiziki detaylar resimli ;
Boyutları 19 cm.
650 ## - KONU BAŞLIĞI EK GİRİŞ - KONU TERİMİ
Konusal terim veya coğrafi ad İletişim.
Alt başlık biçimi Öğretmen Mesleki Gelişim Kitapları.
-- Ailede İletişim.
-- Konuşmak.
-- Dinlemek.
650 ## - KONU BAŞLIĞI EK GİRİŞ - KONU TERİMİ
Konusal terim veya coğrafi ad Professional Development.
942 ## - EK GİRİŞ ÖGELERİ (KOHA)
Source of classification or shelving scheme Dewey Decimal Classification
Koha item type Kitap
Holdings
Kayıp Durumu Sınıflandırma Kaynağı Hasarlı Durumu Koleksiyon Kodu Kalıcı Konum Mevcut Konum Kayıt Tarih Edinim Kaynağı Toplam Ödünçverme Yer Numarası Demirbaş Numarası Son Görülme Tarihi Fatura Tarihi Materyal Türü
  Dewey Decimal Classification   İlkokul İLKOKUL KÜTÜPHANESİ İLKOKUL KÜTÜPHANESİ 29/05/2025 Bağış   PD 305 ÖND/A 23692 29/05/2025 29/05/2025 Kitap